Atrapafaltas : escritura y ortografía i /

Guardado en:
Autor Principal: Archanco, Pamela
Otros Autores: Muños Lascano, Pilar
Formato: Libro
Publicado: Buenos Aires : Tinta Fresca, 2010
Materias:
Etiquetas: Agregar Etiqueta
Sin Etiquetas, Sea el primero en etiquetar este registro!
LEADER 00941nam a22002175a 4500
001 CEM.cems014955
005 20181018171829.0
008 130507s2010##################000#0#####d
003 CEMS
020 |a 9789875763906 
082 0 4 |a 468.1 
100 1 |a Archanco, Pamela 
245 1 0 |a Atrapafaltas :  |b escritura y ortografía i /  |c Pamela Archanco y Pilar Muñoz Lascano 
260 |a Buenos Aires :  |b Tinta Fresca,  |c 2010 
300 |a 96 p. 
505 0 |a La furia de los volcanes : Explicaciones punto por punto -- Una mirada a nuestra historia : Textos dialogados -- Aventuras y aventureros : Un relato con b y v -- Animales rurales y fabulosos : A describir sin falta -- Chicos conectados : Buenos argumentos para un texto -- Juegos del pasado : Instrucciones para todos 
653 |a Ortografía 
653 |a Lengua 
653 |a Escritura 
700 1 |a Muños Lascano, Pilar 
859 |a CEMS  |b BIB. CEMS - 11 de abril  |h 468.1  |i Ar26  |p 26963.14  |t Ej.1  |v I  |3 I